| Tag |
First Indicator |
Second Indicator |
Subfields |
| LEADER |
00000cam a2200000 4500 |
| 001 |
in00000053041 |
| 005 |
20151007080415.0 |
| 008 |
730803s1924 eng u |
| 010 |
|
|
|a 24004985
|
| 035 |
|
|
|a (OCoLC)00670447
|
| 035 |
|
|
|9 AAF4762AM
|
| 040 |
|
|
|c DAY
|d TXA
|d UtOrBLW
|
| 049 |
|
|
|a TXAM
|c [24851]
|
| 050 |
0 |
0 |
|a BF173
|b .A5
|
| 092 |
|
|
|a 131.3463
|b A237p
|
| 100 |
1 |
|
|a Adler, Alfred,
|d 1870-1937.
|
| 245 |
1 |
4 |
|a The practice and theory of individual psychology /
|c by Alfred Adler; translated by P. Radin.
|
| 264 |
|
1 |
|a London :
|b K. Paul, Trench, Trubner;
|a New York :
|b Harcourt, Brace,
|c 1924.
|
| 300 |
|
|
|a viii, 352 pages ;
|c 23 cm.
|
| 336 |
|
|
|a text
|b txt
|2 rdacontent
|
| 337 |
|
|
|a unmediated
|b n
|2 rdamedia
|
| 338 |
|
|
|a volume
|b nc
|2 rdacarrier
|
| 490 |
1 |
|
|a International library of psychology, philosophy and scientific method
|
| 650 |
|
0 |
|a Psychoanalysis.
|
| 650 |
|
0 |
|a Psychology, Pathological.
|
| 700 |
1 |
|
|a Radin, Paul,
|d 1883-1959.
|
| 830 |
|
0 |
|a International library of psychology, philosophy, and scientific method.
|
| 999 |
|
|
|a MARS
|
| 999 |
f |
f |
|s 017def06-c974-3c18-bf1f-8fb8b381f66e
|i c13e12c1-b6a2-3cde-8c99-5d3b14a28e26
|t 0
|
| 952 |
f |
f |
|p ric
|a Texas A&M University
|b Rellis Campus
|c Joint Library Facility
|d Remote Storage
|t 0
|e BF173 .A5
|h Library of Congress classification
|i unmediated -- volume
|m A14800511163
|
| 998 |
f |
f |
|a BF173 .A5
|t 0
|l Remote Storage
|